| Tag |
First Indicator |
Second Indicator |
Subfields |
| LEADER |
00000cam a2200000 a 4500 |
| 001 |
in00000023705 |
| 005 |
20151007054312.0 |
| 008 |
861113s1987 dcua b 10000 eng |
| 010 |
|
|
|a 86028822
|
| 020 |
|
|
|a 0875905188
|
| 035 |
|
|
|a (OCoLC)14904507
|
| 035 |
|
|
|9 AAB4623AM
|
| 040 |
|
|
|a DLC
|c DLC
|d TXA
|d UtOrBLW
|
| 049 |
|
|
|a TXAM
|c [A11086040]
|
| 050 |
0 |
0 |
|a QE511
|b .C65 1987
|
| 082 |
0 |
|
|a 551.1/3
|2 19
|
| 245 |
0 |
0 |
|a Composition, structure, and dynamics of the lithosphere- asthenosphere system /
|c edited by K. Fuchs, C. Froidevaux.
|
| 264 |
|
1 |
|a Washington, D.C. :
|b American Geophysical Union ;
|a Boulder, Colo. :
|b Geological Society of America,
|c 1987.
|
| 300 |
|
|
|a xi, 327 pages :
|b illustrations ;
|c 28 cm.
|
| 336 |
|
|
|a text
|b txt
|2 rdacontent
|
| 337 |
|
|
|a unmediated
|b n
|2 rdamedia
|
| 338 |
|
|
|a volume
|b nc
|2 rdacarrier
|
| 490 |
1 |
|
|a Geodynamics series,
|v v. 16
|
| 490 |
1 |
|
|a Publication no. 0135 of the International Lithosphere Program
|
| 500 |
|
|
|a "Based on a symposium held in Moscow on the occasion of the 26th International Geological Congress"--Foreword.
|
| 504 |
|
|
|a Includes bibliographies.
|
| 651 |
|
0 |
|a Earth (Planet)
|x Crust
|v Congresses.
|
| 651 |
|
0 |
|a Earth (Planet)
|x Mantle
|v Congresses.
|
| 650 |
|
0 |
|a Petrology
|v Congresses.
|
| 650 |
|
0 |
|a Geodynamics
|v Congresses.
|
| 700 |
1 |
|
|a Fuchs, K.
|
| 700 |
1 |
|
|a Froidevaux, C.
|q (Claude)
|
| 830 |
|
0 |
|a Geodynamics series ;
|v v. 16.
|
| 830 |
|
0 |
|a Publication (International Lithosphere Program) ;
|v no. 0135.
|
| 999 |
|
|
|a MARS
|
| 999 |
f |
f |
|s b72f7be1-72a0-3af5-908b-c6fcd54cdcb2
|i b03c2ae0-7c32-3b8d-b880-3537309ca482
|t 0
|
| 952 |
f |
f |
|p normal
|a Texas A&M University
|b College Station
|c Sterling C. Evans Library
|d Evans: Library Stacks
|t 0
|e QE511 .C65 1987
|h Library of Congress classification
|i unmediated -- volume
|m A14811086040
|
| 998 |
f |
f |
|a QE511 .C65 1987
|t 0
|l Evans: Library Stacks
|